000 00705nam a22002297a 4500
003 UA-OsUOA
001 62771
007 ta
008 20090910b un ||||| |||| 00| 0 ukr d
100 _aПаславський І.В.
090 _a1(091)(477)
_bП19
942 _cBK
040 _aUA-OsUOA
_bukr
_cUA-OsUOA
_dUA-OsUOA
245 _aЗ історії розвитку філософських ідей на Україні в кінці XVI - першій третині XVII ст.
300 _a127 с.
955 _a2
041 _aukr
080 _a1(091)(477)
260 _aК.
_bНаукова думка
_c1984
650 7 _a1(091) Історія філософії
_2UDC
999 _c348819
_d348819